[Event "45th FIDE Chess Olympiad Open"]
[Site "Budapest, Hungary"]
[Date "2024.09.11"]
[Round "1.21"]
[White "El Jawich, Amro"]
[Black "Giri, Anish"]
[Result "0-1"]
[WhiteElo "2296"]
[BlackElo "2724"]
[PlyCount "166"]
[EventDate "2024.??.??"]
[WhiteTeam "Lebanon"]
[BlackTeam "Netherlands"]
[WhiteTeamCountry "LBN"]
[BlackTeamCountry "NED"]
[WhiteClock "0:00:35"]
[BlackClock "0:01:27"]

1. e4 c5 2. Nc3 Nc6 3. Nge2 e6 4. g3 Nf6 5. Bg2 d6 6. d4 cxd4 7. Nxd4 Bd7 8. O-O Be7 9. Nxc6 ({RR} 9. f4 Rc8 10. Be3 Qa5 11. Nb3 Qa6 12. g4 d5 13. exd5 exd5 14. f5 Qc4 15. Rf4 Qa6 16. Ra4 Qxa4 17. Nxa4 Ne5 18. Nac5 Bc6 19. g5 Nfg4 20. Bd4 Bxg5 21. h3 Ne3 22. Bxe3 Bxe3+ 23. Kh1 O-O {Donatti,A (2193)-Alcazar Jimenez,J (2147) chess.com INT 2024 0-1 (39)}) 9... Bxc6 10. Qe2 ({RR} 10. Bf4 a6 11. e5 dxe5 12. Bxc6+ bxc6 13. Bxe5 O-O 14. Qe2 Nd5 15. Na4 f6 16. Bd4 e5 17. Be3 Qa5 18. b3 Rfd8 19. Rad1 Qc7 20. c4 Nxe3 21. Qxe3 Bf8 22. Qe4 a5 23. g4 Rab8 24. h3 h6 {Hammer,J (2635)-Movsesian,S (2654) chess24.com INT 2020 1-0 (56)}) 10... O-O 11. Rd1 Nd7 $146 ({RR} 11... Qc7 12. Bf4 a6 13. Rd2 b5 14. a3 Rfd8 15. Rad1 Ne8 16. g4 h6 17. Qe3 a5 18. Qg3 Qb7 19. e5 b4 20. axb4 axb4 21. Ne2 dxe5 22. Rxd8 Bxd8 23. Bxe5 Bf6 24. Bxc6 Qxc6 25. Bxf6 Nxf6 26. Qg2 {Okolotowicz,Z-Stone,R (2345) Ontario 1990 0-1 (51)}) ({RR} 11... Qc7 12. Bf4 a6 13. Rd2 Rfd8 14. Rad1 h6 15. g4 b5 16. a3 e5 17. Be3 Qb7 18. Nd5 Bxd5 19. exd5 Re8 20. h4 Nh7 21. Be4 Bxh4 22. Kg2 Nf6 23. Bf5 g6 24. Bxh6 gxf5 25. gxf5 Kh7 26. Rh1 {Rodriguez,A (2325)-Larsen,B (2560) Buenos Aires 1991 0-1 (37)}) ({RR} 11... Qc7 12. Bf4 Rac8 13. Nb5 Bxb5 14. Qxb5 a6 15. Qb3 b5 16. c3 Rfd8 17. a4 Qc4 18. Qxc4 bxc4 19. e5 dxe5 20. Bxe5 Nd5 21. Rd2 f6 22. Bd4 Rb8 23. Rad1 Kf7 24. f4 Nb6 25. Bxb6 Rxd2 26. Rxd2 {Zeman,M (2247)-Vichnar,D (2381) Czech Republic 2020 1-0 (60)}) 12. Nb5 Bxb5 13. Qxb5 Qc7 14. c3 Ne5 15. Bf4 a6 16. Qe2 b5 17. Bxe5 dxe5 18. a4 b4 19. cxb4 Bxb4 20. Rac1 Qb6 21. Qe3 Qxe3 22. fxe3 g6 23. Bf1 a5 24. Bc4 Rfd8 25. Kf2 Rac8 26. b3 Bd2 27. Rb1 Rd6 28. Ke2 Rcd8 29. Rb2 Bb4 30. Rxd6 Rxd6 31. Bd3 g5 32. h3 h5 33. Rb1 Kg7 34. Rd1 Rd8 35. Bc4 Rh8 36. Kf3 Rh6 37. Bd3 Bc5 38. Rc1 g4+ 39. hxg4 hxg4+ 40. Kxg4 Bxe3 41. Rc2 Bd4 42. Rc4 Bf2 43. b4 axb4 44. Rxb4 Rg6+ 45. Kf3 Be1 46. Rb5 Rxg3+ 47. Ke2 Bc3 48. Rb3 Bd4 49. a5 Rg2+ 50. Kf3 Rf2+ 51. Kg3 Ra2 52. a6 Kg6 53. Kg4 Rg2+ 54. Kh3 Ra2 55. Kg4 Rf2 56. Ra3 Ba7 57. Bc4 f5+ 58. Kg3 Kf6 59. Ra2 Rf4 60. Bd3 Rg4+ 61. Kf3 Rh4 62. Kg3 Rh7 63. Rb2 f4+ 64. Kg4 Rg7+ 65. Kh4 Rg3 66. Bf1 Rg1 67. Bc4 Rc1 68. Be2 Rh1+ 69. Kg4 Rg1+ 70. Kh3 Rg3+ 71. Kh2 Re3 72. Bg4 Rxe4 73. Rb7 Be3 74. Rc7 Ra4 75. Rc6 e4 76. Bxe6 Ke5 77. Bc8 f3 78. Re6+ Kf4 79. Bb7 Bc5 80. Rc6 Ra2+ 81. Kh3 Ra1 82. Rf6+ Ke5 83. Rf7 f2 0-1

[Event "45th FIDE Chess Olympiad Open"]
[Site "Budapest, Hungary"]
[Date "2024.09.11"]
[Round "1.22"]
[White "Warmerdam, Max"]
[Black "Khoder, Akram"]
[Result "1-0"]
[WhiteElo "2679"]
[BlackElo "2239"]
[PlyCount "85"]
[EventDate "2024.??.??"]
[WhiteTeam "Netherlands"]
[BlackTeam "Lebanon"]
[WhiteTeamCountry "NED"]
[BlackTeamCountry "LBN"]
[WhiteClock "0:30:02"]
[BlackClock "0:29:58"]

1. c4 e5 2. d3 Nf6 3. Nf3 Nc6 4. a3 a5 5. Nc3 ({RR} 5. e3 d5 6. cxd5 Nxd5 7. Be2 Be7 8. O-O O-O 9. Qc2 Be6 10. b3 f5 11. Bb2 Bf6 12. Nbd2 Qe7 13. Rac1 Kh8 14. Rfe1 Rad8 15. Bf1 Nb6 16. Qb1 Bg8 17. e4 f4 18. Qc2 g5 19. h3 h5 {Grischuk,A (2782)-Caruana,F (2799) Saint Louis 2017 0-1 (45)}) 5... Bc5 ({RR} 5... Be7 6. e4 O-O 7. Be2 d6 8. Rb1 Bg4 9. Be3 Nd7 10. Nd5 Bxf3 11. Bxf3 a4 12. Bg4 Nc5 13. O-O Nd4 14. f4 c6 15. Bxd4 exd4 16. Nb4 Bf6 17. Qf3 g6 18. Rbe1 Qe7 19. Re2 Bg7 20. Rfe1 {Giri,A (2745)-Vachier Lagrave,M (2732) Bucharest ROU 2024 ½-½ (37)}) 6. Bg5 h6 7. Bxf6 Qxf6 $146 ({RR} 7... gxf6 8. g3 d6 9. Bg2 Bg4 10. h3 Be6 11. e3 Bb6 12. Nh4 f5 13. Nd5 Bxd5 14. Bxd5 Ne7 15. Bxb7 Rb8 16. Bg2 Qd7 17. b4 Ng6 18. b5 Nxh4 19. Bc6 {1-0 (19) Vazquez,E (2000)-Araiza Castro,H (2120) Mexico City 1995}) 8. g3 Nd4 9. Nd2 d6 10. e3 Ne6 11. b4 Ba7 12. Bg2 O-O 13. O-O c6 14. b5 Bd7 15. Rb1 Qe7 16. b6 Bb8 17. Nf3 d5 18. cxd5 cxd5 19. Nxd5 Qd6 20. Nd2 Bc6 21. Nc4 Qd7 22. e4 Bxd5 23. exd5 Nd4 24. Re1 a4 25. Qh5 Ra6 26. Re4 Nb3 27. Re3 Bd6 28. Rbe1 Na5 29. Bh3 Qd8 30. Nxe5 Bxe5 31. Rxe5 Qd6 32. Re8 Ra8 33. Rxa8 Rxa8 34. Qg4 Nb3 35. Qd7 Qxd7 36. Bxd7 Kf8 37. Kg2 g6 38. Bc6 Rd8 39. Bxb7 Rb8 40. Bc6 Rxb6 41. Re8+ Kg7 42. Ra8 Nd4 43. Rxa4 1-0

[Event "45th FIDE Chess Olympiad Open"]
[Site "Budapest, Hungary"]
[Date "2024.09.11"]
[Round "1.23"]
[White "Arkadan, Adib"]
[Black "L'Ami, Erwin"]
[Result "0-1"]
[WhiteElo "2181"]
[BlackElo "2628"]
[PlyCount "126"]
[EventDate "2024.??.??"]
[WhiteTeam "Lebanon"]
[BlackTeam "Netherlands"]
[WhiteTeamCountry "LBN"]
[BlackTeamCountry "NED"]
[WhiteClock "0:01:44"]
[BlackClock "0:05:37"]

1. d4 Nf6 2. c4 e6 3. Nf3 d5 4. Nc3 Nbd7 5. Bf4 dxc4 6. e3 Nb6 7. Bxc4 Bd6 8. Bxd6 cxd6 9. Bd3 Nbd5 10. Nxd5 Nxd5 11. O-O Qb6 $146 ({RR} 11... O-O 12. Qd2 b6 13. e4 Ne7 14. Rac1 Bb7 15. Qe2 Rc8 16. Ba6 Bxa6 17. Qxa6 Rxc1 18. Rxc1 Qa8 19. Nd2 Nc6 20. Qa4 Rc8 21. Rc3 h6 22. Qa6 Rc7 23. h3 Qd8 24. Nf3 Ne7 25. Qb5 Kf8 26. Qd3 {Xu Jun (2471)-Xu,M (2388) Fuling CHN 2024 ½-½ (38)}) 12. Qd2 Bd7 13. Rac1 O-O 14. e4 Ne7 15. Rfe1 h6 16. Bb1 Rfc8 17. h3 Rxc1 18. Rxc1 Rd8 19. Rc3 Ng6 20. Rb3 Qc7 21. Rc3 Qb8 22. Bc2 Be8 23. Bb3 a5 24. g3 Ne7 25. Kg2 b5 26. Qc1 Qb6 27. Qe3 Bc6 28. Kg1 a4 29. Bd1 Qb7 30. Nd2 Qb6 31. g4 Be8 32. Be2 e5 33. Nf3 f6 34. d5 Qb8 35. Ne1 Ng6 36. Ng2 Bd7 37. h4 Kh7 38. h5 Nh8 39. f3 Nf7 40. Ne1 Ng5 41. Nd3 b4 42. Rc1 b3 43. a3 Rc8 44. Rxc8 Qxc8 45. Qc1 Qb8 46. Kg2 g6 47. hxg6+ Kxg6 48. Qe3 Kh7 49. Nb4 h5 50. Nc6 Qb7 51. Na5 Qc7 52. Nc6 hxg4 53. fxg4 Qb7 54. Na5 Qc8 55. Nc4 Bxg4 56. Qa7+ Kg6 57. Qe3 Bxe2 58. Qxe2 Qh3+ 59. Kg1 Qg3+ 60. Kf1 Qf4+ 61. Qf2 Qc1+ 62. Kg2 Qxc4 63. Qf5+ Kg7 0-1

[Event "45th FIDE Chess Olympiad Open"]
[Site "Budapest, Hungary"]
[Date "2024.09.11"]
[Round "1.24"]
[White "Bok, Benjamin"]
[Black "Assaad, Joe"]
[Result "1-0"]
[WhiteElo "2596"]
[BlackElo "2150"]
[PlyCount "87"]
[EventDate "2024.??.??"]
[WhiteTeam "Netherlands"]
[BlackTeam "Lebanon"]
[WhiteTeamCountry "NED"]
[BlackTeamCountry "LBN"]
[WhiteClock "0:01:41"]
[BlackClock "0:02:41"]

1. c4 b6 2. g3 Bb7 3. Nf3 e6 4. Bg2 c5 5. O-O Nf6 6. Nc3 Be7 7. d4 cxd4 8. Qxd4 Nc6 9. Qf4 O-O 10. Rd1 d6 11. b3 a6 12. Ba3 d5 ({RR} 12... Ne8 13. Ne4 e5 14. Qe3 Qc7 15. Nc3 Nf6 16. Ng5 h6 17. Nge4 Nxe4 18. Bxe4 Nd4 19. Bxb7 Qxb7 20. Nd5 Rfe8 21. Qd3 f5 22. e3 Nf3+ 23. Kg2 e4 24. Nxe7+ Qxe7 25. Qxd6 Qg5 26. Qf4 Qh5 27. h3 {Wael Sabry,M (2096)-Tarasova,V (2226) chess.com INT 2024 0-1 (62)}) 13. cxd5 exd5 14. Bb2 Bd6 15. Qd2 $146 ({RR} 15. Qh4 Ne7 16. Na4 Ng6 17. Bxf6 gxf6 18. Qh5 Rc8 19. Bh3 Rb8 20. Nc3 Be5 21. Nxe5 fxe5 22. Nxd5 Bxd5 23. Bg2 Qf6 24. Bxd5 b5 25. Rac1 Rbc8 26. Qf3 Rxc1 27. Rxc1 Qg5 28. Rc6 Kh8 29. Qf6+ Qxf6 {Jirovsky,M (2482)-Kulhanek,T (2410) Czech Republic 2008 1-0 (44)}) 15... Ne7 16. Nh4 Rc8 17. Rac1 Bc5 18. Na4 Ba8 19. Bxf6 gxf6 20. b4 Qd7 21. Nxc5 bxc5 22. bxc5 Qe6 23. Rc3 Rfe8 24. Re3 Qg4 25. Qc3 Nf5 26. Nxf5 Qxf5 27. Rxe8+ Rxe8 28. e3 Bc6 29. Qd3 Qxd3 30. Rxd3 Rd8 31. Rd4 f5 32. Kf1 Kg7 33. Ke2 Kf6 34. Kd2 Rb8 35. Bxd5 Bxd5 36. Rxd5 Rb2+ 37. Kc3 Rxa2 38. c6 Ra1 39. Kb2 Ra4 40. Kb3 Ra1 41. Rc5 Rb1+ 42. Ka4 Rb8 43. c7 Rc8 44. Ka5 1-0

[Event "45th FIDE Chess Olympiad Open"]
[Site "Budapest, Hungary"]
[Date "2024.09.11"]
[Round "1.25"]
[White "Christiansen, Johan-Sebastian"]
[Black "Lee, Junhyeok"]
[Result "1-0"]
[WhiteElo "2661"]
[BlackElo "2364"]
[PlyCount "53"]
[EventDate "2024.??.??"]
[WhiteTeam "Norway"]
[BlackTeam "South Korea"]
[WhiteTeamCountry "NOR"]
[WhiteClock "0:02:29"]
[BlackClock "0:10:51"]

1. e4 c5 2. Nf3 d6 3. d4 cxd4 4. Nxd4 Nf6 5. Nc3 a6 6. Bg5 Nbd7 7. Bc4 e6 8. Qe2 b5 9. Bb3 Qc7 ({RR} 9... Nc5 10. O-O-O h6 11. Bh4 Bb7 12. e5 g5 13. Bg3 Nfe4 14. Nxe4 Nxe4 15. exd6 Bg7 16. d7+ Kf8 17. Rhe1 Qb6 18. Nxe6+ fxe6 19. Qf3+ Ke7 20. Rxe4 Bxe4 21. Qxe4 {1-0 (21) Nepomniachtchi,I (2776)-Ding,L (2811) Chess.com INT 2019}) 10. O-O-O b4 $146 ({RR} 10... Nc5 11. Rhe1 Be7 12. Bd5 Bb7 13. Bxb7 Qxb7 14. Nd5 exd5 15. exd5 Kf8 16. Nc6 Re8 17. Bxf6 gxf6 18. Qh5 Rg8 19. Qh6+ Rg7 20. Re3 Kg8 21. Rde1 Rg6 22. Nxe7+ Rxe7 23. Rxe7 Qxe7 24. Qxg6+ hxg6 25. Rxe7 {Kraus,T (2501)-Dubessay,B (2255) chess.com INT 2024 1-0}) ({RR} 10... Nc5 11. Bxf6 gxf6 12. f4 Nxb3+ 13. axb3 b4 14. Na4 Bd7 15. Kb1 Be7 16. f5 e5 17. Nf3 Qa5 18. Qc4 Rc8 19. Rd5 Rxc4 20. Rxa5 Rxe4 21. Rxa6 Bxf5 22. Ra8+ Bd8 23. Rd1 O-O 24. Rxd6 Be7 25. Rxf8+ {Den Iseger,T-Eriksson,L Dos Hermanas 2004 1-0 (51)}) ({RR} 10... Bb7 11. f3 Be7 12. Bxe6 fxe6 13. Nxe6 Qa5 14. Nxg7+ Kf7 15. Nf5 b4 16. Qc4+ d5 17. Nxd5 Bxd5 18. exd5 Rhc8 19. Qe2 Bf8 20. Qe6+ Kg6 21. Bxf6 Nxf6 22. h4 Qxa2 23. h5+ Kg5 24. f4+ Kg4 25. Nd4+ {Antolak,J (2323)-Titichoca Daza,D (2090) Chess.com INT 2020 1-0}) 11. Nd5 exd5 12. exd5+ Be7 13. Rde1 O-O 14. Qxe7 Re8 15. Qxe8+ Nxe8 16. Rxe8+ Nf8 17. Rhe1 Bb7 18. Rxa8 Bxa8 19. Re8 h6 20. Ne6 Qb7 21. Rxf8+ Kh7 22. Bc4 Kg6 23. Bd3+ Kh5 24. Be2+ Kg6 25. Bd3+ Kh5 26. h3 fxe6 27. f4 1-0

[Event "45th FIDE Chess Olympiad Open"]
[Site "Budapest, Hungary"]
[Date "2024.09.11"]
[Round "1.26"]
[White "Ahn, Hongjin"]
[Black "Tari, Aryan"]
[Result "1/2-1/2"]
[WhiteElo "2251"]
[BlackElo "2642"]
[PlyCount "165"]
[EventDate "2024.??.??"]
[WhiteTeam "South Korea"]
[BlackTeam "Norway"]
[BlackTeamCountry "NOR"]
[WhiteClock "0:00:32"]
[BlackClock "0:11:56"]

1. e4 c5 2. Nc3 Nc6 3. f4 g6 4. Nf3 Bg7 5. a4 e6 6. e5 d6 7. Bb5 Nge7 8. Ne4 dxe5 9. fxe5 O-O 10. Nf6+ ({RR} 10. d4 Nxd4 11. Nf6+ Bxf6 12. exf6 Nef5 13. Nxd4 Qxd4 14. Qxd4 Nxd4 15. Bd3 e5 16. Be3 e4 17. Bxd4 cxd4 18. Bc4 Be6 19. Bxe6 fxe6 20. O-O-O e5 21. Rhe1 e3 22. c3 Rad8 23. cxd4 exd4 24. Kb1 Rxf6 {Kadric,D (2558)-Vakhidov,J (2599) chess.com INT 2024 0-1 (35)}) 10... Kh8 11. d4 Nd5 12. Bxc6 $146 ({RR} 12. Bg5 h6 13. h4 Nxf6 14. exf6 Bxf6 15. Bxh6 Bg7 16. Bxg7+ Kxg7 17. dxc5 Qf6 18. Bxc6 bxc6 19. Qd4 Qxd4 20. Nxd4 e5 21. Nf3 e4 22. Ne5 Bb7 23. O-O-O Rfe8 24. Nc4 Ba6 25. Nd6 Re5 26. b4 Rb8 {Rains,E (1977)-Hague,B (2381) Wellington NZL 2023 1-0 (40)}) ({RR} 12. O-O cxd4 13. Bg5 Nxf6 14. Bxc6 bxc6 15. Nxd4 Qd5 16. Bxf6 c5 17. Nb5 Bxf6 18. Qxd5 exd5 19. Rxf6 Bf5 20. c3 a5 21. Rd1 Rad8 22. Rc6 c4 23. Rd2 Kg8 24. Nd6 Be6 25. Rf2 Bd7 26. Rc5 Be6 {Fahrner,K (2303)-Manhardt,T (2176) Austria AUT 2024 1-0 (51)}) 12... bxc6 13. Ne4 cxd4 14. Qxd4 c5 15. Qxc5 Ba6 16. Nd6 f6 17. c4 Nb6 18. b3 Nd7 19. Qc6 Nxe5 20. Qxa6 f5 21. Rb1 Nd3+ 22. Ke2 Nb4 23. Qb5 Na2 24. Qc6 Nc3+ 25. Kf2 Qxd6 26. Qxd6 Ne4+ 27. Ke2 Nxd6 28. Ba3 Rfd8 29. Ng5 Kg8 30. Rhd1 Nf7 31. Nxf7 Kxf7 32. Bc5 Ke8 33. Rxd8+ Kxd8 34. Rd1+ Kc7 35. Bd6+ Kc6 36. b4 a6 37. Rd2 Bh6 38. Rd3 e5 39. Rd5 e4 40. Bc5 Bf4 41. g3 Bc7 42. b5+ axb5 43. axb5+ Kb7 44. Rd7 Kc8 45. Rxh7 Ra2+ 46. Ke3 Rb2 47. Kd4 Rd2+ 48. Kc3 Ba5+ 49. Kb3 Bd8 50. Ba7 e3 51. b6 Rd7 52. Rxd7 Kxd7 53. Kc2 Kc6 54. Kd3 Bg5 55. b7 Kxb7 56. Bxe3 Bf6 57. h3 Kc6 58. g4 fxg4 59. hxg4 Be7 60. Ke4 Bd6 61. c5 Bc7 62. Bd4 Bg3 63. Be5 Be1 64. Bd6 Bc3 65. Kf4 Bf6 66. Ke4 Bc3 67. Be7 Kd7 68. Bf8 Kc6 69. Kf4 Bf6 70. Bd6 Kd5 71. Bf8 Bd8 72. Bd6 Bf6 73. Bf8 Bd8 74. Kf3 Bg5 75. Ke2 Bf4 76. Kd3 Be5 77. Be7 Bc7 78. Kc3 Ba5+ 79. Kb3 Be1 80. Bd6 Bd2 81. Ka4 Kc6 82. Kb3 Kd5 83. Ka4 1/2-1/2

[Event "45th FIDE Chess Olympiad Open"]
[Site "Budapest, Hungary"]
[Date "2024.09.11"]
[Round "1.27"]
[White "Amar, Elham"]
[Black "Yun, Hungi"]
[Result "1-0"]
[WhiteElo "2539"]
[BlackElo "2124"]
[PlyCount "43"]
[EventDate "2024.??.??"]
[WhiteTeam "Norway"]
[BlackTeam "South Korea"]
[WhiteTeamCountry "NOR"]
[WhiteClock "0:23:04"]
[BlackClock "0:11:21"]

1. e4 c5 2. Nf3 d6 3. d4 cxd4 4. Nxd4 Nf6 5. Nc3 a6 6. f3 e6 7. a3 b5 8. g4 Bb7 9. g5 Nfd7 10. Be3 ({RR} 10. h4 Nc6 11. Nxc6 Bxc6 12. Be3 Qb8 13. Qd4 a5 14. h5 Ne5 15. Be2 b4 16. axb4 axb4 17. Rxa8 Bxa8 18. Na4 Nc6 19. Qb6 Be7 20. Qxb8+ Nxb8 21. Nb6 Bc6 22. Nc8 Bb7 23. Nxe7 Kxe7 24. h6 g6 {Aronian,L (2781)-Vachier Lagrave,M (2784) chess24.com INT 2021 1-0 (37)}) 10... Nc6 11. h4 ({RR} 11. Be2 Be7 12. Nxc6 Bxc6 13. Qd2 O-O 14. h4 f5 15. O-O-O fxe4 16. fxe4 Ne5 17. h5 Qb8 18. g6 b4 19. axb4 Qxb4 20. h6 hxg6 21. hxg7 Rfb8 22. b3 Kxg7 23. Bd4 Rh8 24. Qf4 Rxh1 25. Bxe5+ dxe5 {Ashvath Mittal (2075)-Aditya,V (2277) Pozarevac SRB 2024 0-1 (32)}) 11... Rc8 $146 ({RR} 11... Nde5 12. Nxc6 Nxc6 13. Qd2 Ne5 14. Rh3 Qc7 15. f4 Nc4 16. Bxc4 Qxc4 17. Bd4 e5 18. fxe5 dxe5 19. Bxe5 Qe6 20. Qh2 Rd8 21. Rd3 Rxd3 22. cxd3 f6 23. gxf6 gxf6 24. Bf4 b4 25. axb4 Bxb4 26. O-O-O {Kulaots,K (2513)-Van Dael,S (2345) Stockholm SWE 2022 1-0 (40)}) 12. Nxc6 Rxc6 13. Qd2 Ne5 14. Be2 Qc7 15. Bd4 Be7 16. O-O-O O-O 17. h5 Ba8 18. g6 h6 19. f4 Nc4 20. Qd3 fxg6 21. Bg4 Qd7 22. Qh3 1-0

[Event "45th FIDE Chess Olympiad Open"]
[Site "Budapest, Hungary"]
[Date "2024.09.11"]
[Round "1.28"]
[White "Huh, Isaak"]
[Black "Urkedal, Frode Olav Olsen"]
[Result "0-1"]
[WhiteElo "2114"]
[BlackElo "2546"]
[PlyCount "92"]
[EventDate "2024.??.??"]
[WhiteTeam "South Korea"]
[BlackTeam "Norway"]
[BlackTeamCountry "NOR"]
[WhiteClock "0:04:18"]
[BlackClock "0:26:53"]

1. e4 e5 2. Nf3 Nc6 3. Bb5 a6 4. Ba4 Nf6 5. d3 b5 6. Bb3 Bc5 7. c3 d6 8. Bg5 Bb6 ({RR} 8... h6 9. Bh4 g5 10. Bg3 Bb6 11. Nbd2 Na5 12. Bc2 Nh5 13. a4 Rb8 14. b4 Nxg3 15. hxg3 Nc6 16. Nf1 Qf6 17. Qe2 Ne7 18. Ne3 h5 19. Bb3 c6 20. axb5 axb5 21. d4 g4 22. dxe5 dxe5 23. Nh4 {Carlsen,M (2875)-Ding,L (2805) Stavanger 2019 1-0 (52)}) ({RR} 8... h6 9. Bh4 Ba7 10. a4 b4 11. a5 g5 12. Bg3 O-O 13. Nbd2 Rb8 14. O-O Ne7 15. d4 Ng6 16. dxe5 Nh5 17. exd6 Nxg3 18. hxg3 Qxd6 19. Kh1 bxc3 20. bxc3 g4 21. Nd4 Bxd4 22. Nc4 Qe7 23. cxd4 {Sadhwani,R (2654)-Narayanan,S (2677) Samarkand UZB 2023 0-1 (57)}) 9. Nbd2 h6 10. Be3 $146 ({RR} 10. Bh4 g5 11. Bg3 Nh5 12. Bd5 Bd7 13. Nxe5 Nxg3 14. Nxd7 Bxf2+ 15. Kxf2 Nxh1+ 16. Kg1 Qxd7 17. Qf3 Rd8 18. Qf6 Rh7 19. e5 Nxe5 20. Be4 Ng4 21. Qf3 Ne5 22. Qf6 Nf2 23. Bxh7 Nfg4 24. Qg7 Qe7 {Murzin,V (2502)-Esipenko,A (2716) Chess.com INT 2021 0-1 (39)}) 10... Bxe3 11. fxe3 Na5 12. Bc2 c5 13. d4 Nc6 14. d5 Ne7 15. c4 Ng6 16. a4 bxc4 17. a5 Bd7 18. Nxc4 Bb5 19. Nfd2 O-O 20. O-O Rb8 21. Bd3 Ne8 22. Qe2 Ne7 23. b3 Nc7 24. Nb6 Nc8 25. Nxc8 Qxc8 26. Nc4 Bxc4 27. Bxc4 Rb4 28. Rf3 Qg4 29. Qd3 Nb5 30. Raf1 f6 31. Rg3 Qh5 32. Rh3 Qf7 33. Qe2 Rb8 34. Qg4 Kf8 35. Rh5 Na3 36. Bxa6 Rxb3 37. Bc8 Rb1 38. Be6 Rxf1+ 39. Kxf1 Nc4 40. Kf2 Rb2+ 41. Kg1 Nxe3 42. Qf3 Rb1+ 43. Kf2 Rf1+ 44. Ke2 Qe8 45. Qxe3 Qb5+ 46. Qd3 Re1+ 0-1

[Event "45th FIDE Chess Olympiad Open"]
[Site "Budapest, Hungary"]
[Date "2024.09.11"]
[Round "1.29"]
[White "Rakotomaharo, Fy Antenaina"]
[Black "Kollars, Dmitrij"]
[Result "1/2-1/2"]
[WhiteElo "2440"]
[BlackElo "2659"]
[PlyCount "157"]
[EventDate "2024.??.??"]
[WhiteTeam "Madagascar"]
[BlackTeam "Germany"]
[WhiteTeamCountry "MAD"]
[BlackTeamCountry "GER"]
[WhiteClock "0:01:28"]
[BlackClock "0:01:14"]

1. e4 {Navara,David} e5 2. Nf3 Nc6 3. Bc4 Bc5 4. d3 Nf6 5. O-O d6 6. c3 a6 7. a4 O-O 8. h3 Ba7 9. Re1 Be6 ({RR} 9... Ne7 10. d4 Ng6 11. Nbd2 c6 12. Bf1 a5 ({RR} 12... Be6) ({RR} 12... Re8) 13. dxe5 ({RR} 13. b3 Qc7 14. Qc2 Be6 15. Nc4 exd4 16. cxd4 d5 17. exd5 Bxd5) 13... dxe5 ({RR} 13... Nxe5) 14. Qc2 Be6 15. Nc4 Qc7 16. b4 axb4 ({RR} 16... h6 17. Nxa5 c5) 17. cxb4 b5 18. Ne3 bxa4 19. Rxa4 Bxe3 ({RR} 19... h6) 20. Bxe3 ({RR} 20. Rxe3 Rxa4 21. Qxa4) 20... Rxa4 21. Qxa4 Nxe4 22. Rc1 Bd5 23. b5 cxb5 ({RR} 23... c5 24. Bc4 ({RR} 24. Qc2 Qb7 25. Nd2)) ({RR} 23... Qd6 24. b6 ({RR} 24. bxc6 Rc8 25. Bb5 Ne7)) ({RR} 23... Nd6 24. b6) 24. Qxe4 {Carlsen,M (2853)-Karjakin,S (2772) New York 2016 CBM 176 [Navara,David] ½-½ (84)}) 10. Nbd2 Nh5 $146 ({RR} 10... Re8 11. Bxe6 Rxe6 12. Nf1 d5 13. Ng3 h6 14. Qc2 Ne7 15. d4 exd4 16. e5 Ne4 17. Nxe4 dxe4 18. Qxe4 dxc3 19. bxc3 Qd5 20. Rb1 Rb8 21. Nd4 Bxd4 22. cxd4 Qxe4 23. Rxe4 Nd5 24. Bd2 Rc6 25. Rb3 {Kowalczyk,R (2240)-Noe,C (2451) Warsaw 2017 0-1 (66)}) ({RR} 10... Re8 11. a5 d5 12. exd5 Bxd5 13. Qb3 Bxc4 14. Qxc4 Qd7 15. Ne4 Nd5 16. Nc5 Bxc5 17. Qxc5 Qd6 18. Qc4 h6 19. Be3 Rad8 20. Bc5 Qg6 21. Nh4 Qh5 22. Be3 e4 23. g3 exd3 24. Bd2 Re2 25. Rad1 {Dai,C (2502)-Dubnevych,M (2293) chess.com INT 2024 0-1}) ({RR} 10... h6 11. a5 Qe7 12. b4 Rad8 13. Qb3 Nh5 14. Nf1 Qf6 15. N1h2 Nf4 16. Ra2 Nxd3 17. Rd1 Nxc1 18. Rxc1 Qg6 19. Bxe6 fxe6 20. Re1 Rf4 21. Rae2 Rdf8 22. Kh1 Kh7 23. c4 Nd4 24. Nxd4 exd4 25. f3 {Rakotomaharo,F (2422)-Tang,A (2538) Chess.com INT 2020 0-1 (33)}) ({RR} 10... Qd7 11. Nf1 Bxc4 12. dxc4 Nh5 13. Nxe5 Nxe5 14. Qxh5 f5 15. Be3 Bxe3 16. Nxe3 fxe4 17. Nd5 Nxc4 18. Rxe4 Ne5 19. f4 Ng6 20. Rae1 Rae8 21. Qe2 Rxe4 22. Qxe4 c6 23. Nb6 Qf7 24. g3 h5 25. h4 {Yudin,S (2469)-Najer,E (2662) Almaty KAZ 2022 ½-½}) ({RR} 10... Qe7 11. Bxe6 fxe6 12. Nc4 b5 13. Ne3 Nh5 14. d4 exd4 15. Nxd4 Nxd4 16. cxd4 Qf6 17. Rf1 Nf4 18. Nc2 b4 19. Bxf4 Qxf4 20. Qd3 c5 21. Rae1 a5 22. Re3 cxd4 23. Nxd4 Qf6 24. Rd1 Qxf2+ 25. Kh1 {Zawadzka,J (2399)-Kulon,K (2347) Bydgoszcz 2021 0-1 (73)}) 11. d4 exd4 12. Nxd4 Nf4 13. Nxe6 fxe6 14. Nf3 Kh8 15. Be3 Qf6 16. Kh2 Bxe3 17. Rxe3 Rf7 18. Bf1 Raf8 19. b4 g5 20. b5 axb5 21. axb5 Ne5 22. Nxe5 Qxe5 23. Kg1 Ng6 24. Ra2 b6 25. Qd4 Qg7 26. Qxg7+ Kxg7 27. Re1 Ne5 28. f3 h5 29. Ra7 g4 30. fxg4 hxg4 31. hxg4 Nxg4 32. Bc4 Re7 33. Be2 Ne5 34. Rd1 Ref7 35. Bh5 Rd7 36. Rf1 Rxf1+ 37. Kxf1 Kf6 38. Kf2 Rg7 39. Be2 Ng6 40. Ke3 Ke5 41. Bf3 Nf4 42. c4 Ng6 43. Ra8 Kf6 44. Rc8 Ke5 45. Re8 Nh4 46. Rc8 Kf6 47. Kd4 Ng6 48. Ke3 Rh7 49. Kd4 Re7 50. Bh5 Ne5 51. Rf8+ Kg5 52. Be2 Rg7 53. Re8 Kf6 54. Bf3 Re7 55. Rf8+ Rf7 56. Rc8 Rh7 57. Be2 Ng6 58. Bf3 Nf4 59. Ke3 Ng6 60. Kd4 Re7 61. Bh5 Nf4 62. Bf3 Rg7 63. Ke3 Ke5 64. Rf8 Nxg2+ 65. Bxg2 Rxg2 66. Rf7 Rg4 67. Rxc7 Rxe4+ 68. Kf3 d5 69. cxd5 exd5 70. Rc6 Rf4+ 71. Ke3 Rf6 72. Rc8 d4+ 73. Kd3 Rf3+ 74. Kc2 Rf6 75. Kd3 Rf3+ 76. Kc2 Rf2+ 77. Kb3 Rf3+ 78. Kc2 Rf6 79. Kd3 1/2-1/2

[Event "45th FIDE Chess Olympiad Open"]
[Site "Budapest, Hungary"]
[Date "2024.09.11"]
[Round "1.30"]
[White "Bluebaum, Matthias"]
[Black "Andrianiaina, Heritiana"]
[Result "1-0"]
[WhiteElo "2640"]
[BlackElo "2149"]
[PlyCount "59"]
[EventDate "2024.??.??"]
[WhiteTeam "Germany"]
[BlackTeam "Madagascar"]
[WhiteTeamCountry "GER"]
[BlackTeamCountry "MAD"]
[WhiteClock "0:42:04"]
[BlackClock "0:07:34"]

1. Nf3 d5 2. e3 Nf6 3. c4 e6 4. Nc3 Be7 5. b3 c6 6. Bb2 Nbd7 7. d4 O-O 8. Bd3 b6 9. O-O Bb7 10. Qe2 Rc8 11. Rad1 Qc7 12. Ne5 Nxe5 13. dxe5 Nd7 14. f4 f5 15. cxd5 cxd5 16. Nb5 Qb8 17. Nd4 Nc5 18. Ba3 Rce8 $146 ({RR} 18... Rf7 19. g4 Nxd3 20. Bxe7 Nxe5 21. fxe5 Rxe7 22. gxf5 exf5 23. Nxf5 Rxe5 24. Qg4 g6 25. Nh6+ Kg7 26. Nf7 Rh5 27. Qd4+ Kf8 28. Nh6+ Ke7 29. Rf7+ Kd6 30. Qb4+ {1-0 (30) Malaniuk,V (2518)-Chojnacki,S (2249) Gora Sw Anny 2011}) ({RR} 18... Rf7 19. Bxc5 bxc5 20. Nxe6 Rc6 21. Bxf5 Rxf5 22. Nxg7 Ba6 23. Qg4 Rg6 24. Qxf5 Bxf1 25. Kxf1 Qb5+ 26. Qd3 c4 27. Qxd5+ Qxd5 28. Rxd5 Kxg7 29. f5 Ra6 30. f6+ Bxf6 31. exf6+ Kxf6 32. bxc4 Rxa2 33. c5 {Peralta,F (2570)-Bergez,L (2394) Collado Villalba 2010 1-0 (65)}) ({RR} 18... Rfe8 19. Bb5 Bf8 20. Bxe8 Rxe8 21. b4 Ne4 22. Rc1 a5 23. Qb2 axb4 24. Bxb4 Bc5 25. Rb1 Ba6 26. Bxc5 Bxf1 27. Bd6 Nxd6 28. exd6 Bd3 29. d7 {1-0 (29) Czakon,J (2505)-Skomial,M (1887) Chotowa 2007}) 19. Bb5 Nxb3 20. Nxe6 Bxa3 21. Nxf8 Rxf8 22. Qd3 Bc5 23. Qxb3 Kh8 24. Be2 Rd8 25. Kh1 Qc8 26. Rd2 a5 27. Rfd1 a4 28. Qc3 Qe6 29. Bf3 Qe7 30. Bxd5 1-0